Napoleon on the Nile : soldiers, artists, and the rediscovery of Egypt /

محفوظ في:

المؤلف الرئيسي: Small, Lisa (مؤلف)

مؤلف مشترك: Dahesh Museum of Art.

التنسيق: كتاب

اللغة: English

الموضوعات:

الوسوم: إضافة وسم

لا توجد وسوم, كن أول من يضع وسما على هذه التسجيلة!

رقم الطلب: ( P )DC225 .S535 2006

LEADER 01183namaa2200337 4500
001 17880
003 OSt
005 20210102090040.0
008 130303s2006 nyua g c 000 0 eng d
952 |0 0  |1 0  |2 lcc  |4 0  |7 1  |9 9064  |a ARCE  |b ARCE  |d 2021-01-02  |l 0  |o ( P )DC225 .S535 2006  |p 1029825  |r 2021-01-02 00:00:00  |w 2021-01-02  |y PT 
999 |c 17452  |d 17452 
020 |a 0965479390 
020 |a 9780965479394  
040 |c ARCE Library 
043 |a f-ua--- 
050 0 4 |a ( P )DC225 .S535 2006 
100 1 |a Small, Lisa,  |e author  |9 40188 
245 1 0 |a Napoleon on the Nile :  |b soldiers, artists, and the rediscovery of Egypt /  |c Lisa Small. 
264 1 |a New York :  |b Dahesh Museum of Art,  |c 2006. 
300 |a 48 pages :  |b illustrations (some color) ;  |c 28 cm. 
336 |a text  |b txt  |2 rdacontent 
337 |a unmediated  |b n  |2 rdamedia 
338 |a volume  |b nc  |2 rdacarrier 
500 |a Exhibition held June 8-December 31, 2006. 
650 0 |a Orientalism  |v Exhibitions.  
651 0 |a Egypt  |x History  |y French occupation, 1798-1801  |v Exhibitions. 
651 0 |a Egypt  |x Antiquities  |v Exhibitions. 
710 2 |a Dahesh Museum of Art.  
900 |a OCLC 81144323 
901 |a reviewed 
942 |c PT  |2 lcc